| 000 | 00589nam a2200217Ia 4500 | ||
|---|---|---|---|
| 003 | OSt | ||
| 005 | 20220926040854.0 | ||
| 006 | a|||||r|||| 00| 0 | ||
| 007 | ta | ||
| 008 | 220923b |||||||| |||| 00| 0 eng d | ||
| 037 | _cGeneral Book | ||
| 040 |
_aRTL _cRTL _beng |
||
| 041 |
_2eng _aeng |
||
| 082 | _aX:9588:(Z2), H7 | ||
| 100 | _aIdgunji M R | ||
| 245 | 0 | _aNotes and comments on the workmen's state insuranc | |
| 260 | _c1947 | ||
| 650 | _aLabour Economics - Social Insurance | ||
| 942 |
_hX:9588:(Z2), H7 _cGB _2CC |
||
| 999 |
_c665898 _d665898 |
||